El árbol del bien y del mal

Gardado en:
Detalles Bibliográficos
Autor Principal: Armas Marcelo, Juan José (Author)
Formato: Libro
Idioma:Lingua castelá
Publicado: Barcelona Plaza y Janés 1985
Edición:1a. ed
Series:Literaria
Subjects:
Tags: Engadir etiqueta
Sen Etiquetas, Sexa o primeiro en etiquetar este rexistro!

MARC

LEADER 00000cam a2200000 a 4500
001 UCF6189
003 CL-VaPUC
008 130418e19850000SP |||||||||||||||||spa|d
020 |a 8401380553 
082 0 4 |a 863  |b ARM  |2 21 
100 0 |a Armas Marcelo, Juan José  |e author  |9 568228 
245 1 3 |a El árbol del bien y del mal 
250 |a 1a. ed 
300 |a 230 p 
942 |c BK 
945 |d 20130418 00:00:00  |a cmena 
260 |a Barcelona  |b Plaza y Janés  |c 1985 
650 0 |a Novelas españolas  |9 265052 
650 0 |a Historia de España  |9 315435 
650 0 |a Literatura española  |9 306261 
583 |a last modification  |c 20130418 10:21:00  |k Rodrigo Vera 
490 0 |a Literaria 
999 |c 351502  |d 351500 
952 |0 0  |1 0  |4 0  |6 863_000000000000000_ARM_1985  |7 0  |8 A  |9 455639  |a BIBEDU  |b BIBEDU  |d 2019-11-22  |i 4947711  |o 863 ARM 1985  |p 4947711  |r 2019-11-22  |w 2019-11-22  |y BK  |k LIT